000 00557cam a2200145 4500500
005 20251012005058.0
041 _afre
042 _adc
100 1 0 _aProtais, Baptiste
_eauthor
245 0 0 _aNishida Kitarō, Le monde de l’agir. Problèmes fondamentaux de la philosophie I. Éditions Mimésis, «Obras de Nishida Kitarō», 2025, 180 páginas, 16 €.
260 _c2025.
500 _a46
786 0 _nÉtudes | Mai | 5 | 2025-04-24 | p. 136a-137
856 4 1 _uhttps://shs.cairn.info/revista-etudes-2025-5-page-136a?lang=es&redirect-ssocas=7080
999 _c1516535
_d1516535